<?xml version="1.0" encoding="UTF-8"?>
<collection xmlns="http://www.loc.gov/MARC21/slim">
 <record>
  <leader>02016nam a22002417a 4500</leader>
  <controlfield tag="001">NCT_29084</controlfield>
  <controlfield tag="008">180412b        xxu||||| |||| 00| 0 vie d</controlfield>
  <datafield tag="999" ind1=" " ind2=" ">
   <subfield code="c">1398</subfield>
   <subfield code="d">1398</subfield>
  </datafield>
  <datafield tag="020" ind1=" " ind2=" ">
   <subfield code="a">9786046620242</subfield>
   <subfield code="c">110000</subfield>
  </datafield>
  <datafield tag="082" ind1="0" ind2="4">
   <subfield code="2">23rd ed.</subfield>
   <subfield code="a">616.4</subfield>
   <subfield code="b">X527</subfield>
  </datafield>
  <datafield tag="100" ind1="1" ind2=" ">
   <subfield code="a">Nguyễn Thị Xuyến</subfield>
   <subfield code="e">Chủ biên</subfield>
  </datafield>
  <datafield tag="245" ind1="1" ind2=" ">
   <subfield code="a">Hướng dẫn chẩn đoán và điều trị bệnh nội tiết - chuyển hóa</subfield>
   <subfield code="b">: Ban hành kèm theo Quyết định số 3879/QĐ-BYT ngày 30 tháng 9 năm 2014 của Bộ trưởng Bộ Y tế</subfield>
   <subfield code="c">Nguyễn Thị Xuyến</subfield>
  </datafield>
  <datafield tag="250" ind1=" " ind2=" ">
   <subfield code="a">tái bản lần thứ nhất</subfield>
  </datafield>
  <datafield tag="260" ind1=" " ind2=" ">
   <subfield code="a">H.</subfield>
   <subfield code="b">Y học</subfield>
   <subfield code="c">2017</subfield>
  </datafield>
  <datafield tag="300" ind1=" " ind2=" ">
   <subfield code="a">275tr.</subfield>
   <subfield code="c">27cm</subfield>
  </datafield>
  <datafield tag="520" ind1="3" ind2=" ">
   <subfield code="a">Nội dung cuốn sách do một tập thể các giáo sư, phó giáo sư, tiến sỹ có uy tín, là những giảng viên trong các trường Đại học Y khoa trong toàn quốc, hoạt động lâu năm trong chuyên ngành &quot;Nội tiết - Chuyển hóa&quot; đã tham gia biên soạn. Cuốn sách gồm một số bệnh thường gặp về nội tiết (bệnh tuyến yên, bệnh tuyến giáp, bệnh tuyến thượng thận, bệnh đái tháo đường), một số bệnh chuyển hóa (bệnh béo phì, rối loạn chuyển hóa lipid, rối loạn tăng, giảm calci máu). Kiến thức trình bày súc tích, dễ hiểu, cập nhật được các kiến thức hiện đại, thuận tiện cho các bác sĩ các tuyến tham khảo và thực hành lâm sàng.</subfield>
  </datafield>
  <datafield tag="653" ind1=" " ind2=" ">
   <subfield code="a">Y đa khoa</subfield>
  </datafield>
  <datafield tag="700" ind1="1" ind2=" ">
   <subfield code="a">Lương Ngọc Khuê</subfield>
  </datafield>
  <datafield tag="700" ind1="1" ind2=" ">
   <subfield code="a">Thái Hồng Quang</subfield>
  </datafield>
  <datafield tag="710" ind1="2" ind2=" ">
   <subfield code="a">Bộ Y tế</subfield>
  </datafield>
  <datafield tag="942" ind1=" " ind2=" ">
   <subfield code="2">ddc</subfield>
   <subfield code="c">BK</subfield>
  </datafield>
  <datafield tag="952" ind1=" " ind2=" ">
   <subfield code="0">0</subfield>
   <subfield code="1">0</subfield>
   <subfield code="2">ddc</subfield>
   <subfield code="4">0</subfield>
   <subfield code="6">616_400000000000000_X527</subfield>
   <subfield code="7">0</subfield>
   <subfield code="9">6841</subfield>
   <subfield code="a">000001</subfield>
   <subfield code="b">000001</subfield>
   <subfield code="d">2018-04-12</subfield>
   <subfield code="o">616.4 X527</subfield>
   <subfield code="p">MD.10951</subfield>
   <subfield code="r">2018-04-12</subfield>
   <subfield code="v">110000.00</subfield>
   <subfield code="w">2018-04-12</subfield>
   <subfield code="y">BK</subfield>
  </datafield>
  <datafield tag="980" ind1=" " ind2=" ">
   <subfield code="a">Thư viện Trường Đại học Nam Cần Thơ</subfield>
  </datafield>
 </record>
</collection>
